000 00670nam a22002657a 4500
003 UA-OsUOA
001 26603
007 ta
008 20040607b un ||||| |||| 00| 0 ukr d
100 _aШмаков В.
090 _a234
_bШ71
942 _cBK
040 _aUA-OsUOA
_brus
_cUA-OsUOA
_dUA-OsUOA
245 _aОсновы пневматологии
_bТеоретическая механика становления духа
300 _a704 с.
955 _a0
041 _arus
080 _a234
020 _a5-7101-0005-6
260 _aКиев
_bСофия
_c1994
246 3 1 _aКн. 1-2
_n
044 _aUA
650 7 _2UDC
999 _c312928
_d312928